00946cam a22002411 4500001001300000003000400013005001700017008004100034010001700075035001900092040001900111042001200130050001800142100005100160245006600211260008500277300001100362410008700373500012200460650007200582651003300654999001700687pa 65000103 DLC20260227111856.0800411s1964 dcu b i000 0 eng  apa 65000103  a(OCoLC)6190834 aDLCcTxCMdDLC apremarc00aZ1609.T7bH841 aHulet, Claude L.q(Claude Lyle),d1920-ecomp.10aLatin American prose in English translation;ba bibliography. aWashington, D.C.,bGeneral Secretariat, Organization of American Statesc[1964?] a191 p.20aPan American Union.bDivision of Philosophy and Letters.tBasic bibliographies,v1 a"Prepared by the Division of Philosophy and Letters, Dept. of Cultural Affairs, Pan American Union, Washington, D.C." 0aLatin American literaturexTranslations into EnglishvBibliography. 0aLatin AmericavBibliography. c51567d51567